| 000 | 00586nam a22001697a 4500 | ||
|---|---|---|---|
| 008 | 230329b |||||||| |||| 00| 0 eng d | ||
| 020 | _a978-0-387-72485-0 | ||
| 040 |
_aNational Science Library _cNational Science Library |
||
| 080 |
_aD 681.324(082.2) _bP7 |
||
| 245 |
_aOpen source development adoption and innovation _c/IFIP working group 2.13 on open source software, June 11-14, 2007, Limerick, Ireland |
||
| 260 |
_aNew York: _bSpringer _c2007 |
||
| 300 | _axxviii, 379p. | ||
| 650 | _aSoftware | ||
| 653 | _aOpen source | ||
| 700 | _aFeller, Joseph (Ed.) | ||
| 942 |
_2udc _cPR |
||
| 999 |
_c16234 _d16234 |
||